50 maiores municípios da Região Centro Oeste do Brasil - Statistics

Estatísticas Gerais
  • Esse quiz foi jogado 175 vezes
  • A pontuação média é 26 de 50
Estatísticas das Respostas
Posição Município Estado População % Correto
2 Goiânia GO 1.495.705
99%
1 Brasília DF 2.974.703
98%
3 Campo Grande MS 885.711
98%
4 Cuiabá MT 607.153
98%
6 Anápolis GO 381.970
88%
10 Dourados MS 220.965
87%
5 Aparecida de Goiânia GO 565.957
86%
14 Sinop MT 139.935
80%
8 Rio Verde GO 229.651
79%
7 Várzea Grande MT 282.009
78%
20 Corumbá MS 110.806
77%
9 Rondonópolis MT 228.857
73%
22 Itumbiara GO 103.652
65%
26 Ponta Porã MS 91.082
62%
28 Caldas Novas GO 89.087
61%
24 Jataí GO 99.674
59%
34 Lucas do Rio Verde MT 63.411
59%
12 Luziânia GO 205.023
58%
29 Sorriso MT 87.815
58%
17 Três Lagoas MS 119.465
58%
32 Goianésia GO 69.072
57%
11 Águas Lindas de Goiás GO 207.070
54%
21 Catalão GO 106.618
54%
13 Valparaíso de Goiás GO 164.723
53%
23 Tangará da Serra MT 101.764
51%
25 Cáceres MT 93.882
49%
16 Formosa GO 119.506
49%
15 Trindade GO 125.328
48%
36 Barra do Garças MT 60.661
46%
39 Naviraí MS 54.051
42%
35 Primavera do Leste MT 61.038
42%
45 Aquidauana MS 47.784
41%
19 Senador Canedo GO 112.224
41%
33 Mineiros GO 65.420
40%
18 Novo Gama GO 113.679
37%
48 Morrinhos GO 45.716
32%
40 Nova Andradina MS 53.517
32%
38 Sidrolândia MS 56.081
30%
27 Planaltina GO 89.181
29%
31 Cidade Ocidental GO 69.829
28%
42 Alta Floresta MT 51.615
25%
37 Cristalina GO 57.759
25%
44 Quirinópolis GO 49.416
25%
47 Maracaju MS 45.932
24%
30 Santo Antônio do Descoberto GO 73.636
24%
43 Jaraguá GO 49.667
23%
41 Inhumas GO 52.465
21%
49 Porangatu GO 45.151
21%
46 Niquelândia GO 46.039
20%
50 Pontes e Lacerda MT 45.093
20%
Nenhum quiz correspondente encontrado
Distribuição das Pontuações
Porcentagem de Pessoas com Cada Pontuação
Percentil de Números Respondidos
Sua Pontuação Histórica
Você não jogou esse quiz